000 00783cam a2200217 4500
001 WB4018-02
008 040511n2004 000 0 eng u
035 _a(Sirsi) u126162
245 _aContractors ignore recycling
260 _c2004
490 _aConstruction News
_v(6865) 6 May 2004, 18(1)
520 _aNew research by Wrap shows that 80% of contractors are unaware of the full cost benefits of recycling. Wrap found that contractors are dismissive of recycling waste and can pay up to £70 per tonne on landfill expenses alone.
590 _aWB
590 _aWB
650 _aBUILDING CONTRACTORS
650 _aRECYCLING OF BUILDING MATERIALS
650 _aLANDFILL WASTE
650 _aBUILDING COSTS
690 _aBUILDING AND CONSTRUCTION-COSTS
942 _n0
999 _c117334
_d117334